zpět

Detail výsledku týmu

U Lucerny ST, Brno

Datum a čas kvízu

21 Celkem bodů Celkový počet nahraných bodů na tomto kvízu bez doplňovacích otázek.
9. Pořadí na kvízu Konečné umístění týmu na tomto kvízu.

Zaznamenané odpovědi

# Otázka Odpověď Body Výsledky
1. Provoz a výrobu v rafinérii v... Litvínov 1
2. Letiště Šin-Čitose na japonské... nůžky 0
3. Animovaný seriál Bob a Bobek –... Hádkovi 0
4. Ve čtvrtek byla zahájena naše... České Budějovice, 50. ročník 0.5
5. Při fotbalovém zápase peruánsk... močil (u rohového praporku) 1
6. Historie Texasu je těsně spoje... San Antonio 0
7. Jak se jmenuje řeka, která tvo... Rio Grande (Rio Bravo) 1
8. Jedním z důvodů navštívit Hous... Saturn V 0
9. Jak se jmenoval americký polit... Stephen F. Austin 0
10. Mezi několik známých osobností... Eva Longoria, Zoufalé manželky 0